Circuits: Engineering concepts and analysis of linear electric circuits/ (Record no. 9876)

MARC details
000 -LEADER
fixed length control field 00623nam a22001937a 4500
003 - CONTROL NUMBER IDENTIFIER
control field OSt
005 - DATE AND TIME OF LATEST TRANSACTION
control field 20260425013052.0
008 - FIXED-LENGTH DATA ELEMENTS--GENERAL INFORMATION
fixed length control field 260425b |||||||| |||| 00| 0 eng d
020 ## - INTERNATIONAL STANDARD BOOK NUMBER
International Standard Book Number 981-240-263-2
040 ## - CATALOGING SOURCE
Original cataloging agency DWCL-Main lib.
Transcribing agency OV
082 ## - DEWEY DECIMAL CLASSIFICATION NUMBER
Classification number Circ. 621.31042 C197e 2000
100 ## - MAIN ENTRY--PERSONAL NAME
Personal name Carlson, Bruce A.
245 ## - TITLE STATEMENT
Title Circuits: Engineering concepts and analysis of linear electric circuits/
Statement of responsibility, etc. Bruce A. Carlson
260 ## - PUBLICATION, DISTRIBUTION, ETC.
Place of publication, distribution, etc. Pacific Groove :
Name of publisher, distributor, etc. Thomson Learning,
Date of publication, distribution, etc. c2000
300 ## - PHYSICAL DESCRIPTION
Extent xx, 840 pages ;
Dimensions 25 centimeters.
504 ## - BIBLIOGRAPHY, ETC. NOTE
Bibliography, etc. note Include index.
650 ## - SUBJECT ADDED ENTRY--TOPICAL TERM
Topical term or geographic name entry element Electric circuits
942 ## - ADDED ENTRY ELEMENTS (KOHA)
Source of classification or shelving scheme Dewey Decimal Classification
Koha item type Book Circulation
Classification part Circ.
Suppress in OPAC No

No items available.